Blinded by the night: an examination of the veil-of-darkness within traffic enforcement before and during the COVID-19 pandemic

The current study examines racial profiling during the COVID-19 pandemic through the theoretical lens of the veil-of-darkness (VOD) hypothesis. In order to test the VOD hypothesis traffic stop data from New Orleans, LA, between 2018 and 2022 were utilized along with census tract data from the AQ AQ:...

Full description

Saved in:  
Bibliographic Details
Authors: Vito, Anthony Gennaro 1987- (Author) ; Woodward Griffin, Vanessa (Author)
Format: Print Article
Language:English
Published: 2024
In: Policing during the COVID-19 pandemic
Year: 2024, Pages: 152-205
Check availability: HBZ Gateway
Keywords:

MARC

LEADER 00000caa a2200000 c 4500
001 1925465853
003 DE-627
005 20260128155638.0
007 tu
008 250513s2024 xx ||||| 00| ||eng c
020 |a 9781032457352 
035 |a (DE-627)1925465853 
035 |a (DE-599)KXP1925465853 
040 |a DE-627  |b ger  |c DE-627  |e rda 
041 |a eng 
084 |a 2,1  |2 ssgn 
100 1 |a Vito, Anthony Gennaro  |d 1987-  |e VerfasserIn  |0 (DE-588)1125909781  |0 (DE-627)880480998  |0 (DE-576)483622060  |4 aut 
109 |a Vito, Anthony Gennaro 1987-  |a Vito, Anthony 1987- 
245 1 0 |a Blinded by the night  |b an examination of the veil-of-darkness within traffic enforcement before and during the COVID-19 pandemic  |c Anthony G. Vito and Vanessa Woodward Griffin 
264 1 |c 2024 
300 |b Illustrationen 
336 |a Text  |b txt  |2 rdacontent 
337 |a ohne Hilfsmittel zu benutzen  |b n  |2 rdamedia 
338 |a Band  |b nc  |2 rdacarrier 
500 |a Literaturverzeichnis: Seite 201-205 
520 |a The current study examines racial profiling during the COVID-19 pandemic through the theoretical lens of the veil-of-darkness (VOD) hypothesis. In order to test the VOD hypothesis traffic stop data from New Orleans, LA, between 2018 and 2022 were utilized along with census tract data from the AQ AQ: Please define ACS.ACS for 2014–2018. VOD findings show no evidence of racial profiling in terms of the availability of daylight impacting an officer’s decision to stop AQ AQ: Can ‘black’ and ‘white’ be changed to lowercase as in some other chapters or OK as is? Please suggest.Black drivers. However, indirect measures of race, including vehicle makes most distinctly popular among one race revealed, were related to drivers’ race. Moreover, the findings showed that time of day impacted the likelihood of searches conducted during a traffic stop, which may be indicative of racial bias. 
689 0 0 |d g  |0 (DE-588)4042008-5  |0 (DE-627)106216481  |0 (DE-576)209048131  |a New Orleans, La.  |2 gnd 
689 0 1 |d s  |0 (DE-588)1206347392  |0 (DE-627)1692339907  |a COVID-19  |2 gnd 
689 0 2 |d s  |0 (DE-588)4737034-8  |0 (DE-627)365953423  |0 (DE-576)215891244  |a Pandemie  |2 gnd 
689 0 3 |d s  |0 (DE-588)4046595-0  |0 (DE-627)106197525  |0 (DE-576)209070196  |a Polizei  |2 gnd 
689 0 4 |d s  |0 (DE-588)1069698822  |0 (DE-627)822345218  |0 (DE-576)429423055  |a Ethnisches Profiling  |2 gnd 
689 0 5 |d s  |0 (DE-588)4057931-1  |0 (DE-627)104359951  |0 (DE-576)209124105  |a Straßenverkehr  |2 gnd 
689 0 6 |a z  |2 gnd  |a Geschichte 2014-2018 
689 0 7 |a z  |2 gnd  |a Geschichte 2018-2022 
689 0 |5 (DE-627) 
700 1 |a Woodward Griffin, Vanessa  |e VerfasserIn  |4 aut 
773 0 8 |i Enthalten in  |t Policing during the COVID-19 pandemic  |d London : Routledge, 2024  |g (2024), Seite 152-205  |h xxvii, 462 Seiten  |w (DE-627)1881990893  |z 9781032457352  |z 9781032457345  |7 nnam 
773 1 8 |g year:2024  |g pages:152-205 
776 1 |o 10.4324/9781003378464-11 
951 |a AR 
ELC |b 1 
LOK |0 000 xxxxxcx a22 zn 4500 
LOK |0 001 4723830391 
LOK |0 003 DE-627 
LOK |0 004 1925465853 
LOK |0 005 20250513090950 
LOK |0 008 250513||||||||||||||||ger||||||| 
LOK |0 040   |a DE-2619  |c DE-627  |d DE-2619 
LOK |0 092   |o n 
LOK |0 852   |a DE-2619 
LOK |0 852 1  |9 00 
LOK |0 939   |a 13-05-25  |b l01 
ORI |a SA-MARC-krimdoka001.raw 
TIM |a 100020140101_100020181231  |b Geschichte 2014-2018